Welcome to the Holygrace Academy Library

Please use search bar below to get started

CHIDAMBARA SMARANA (Record no. 7188)

MARC details
000 -LEADER
fixed length control field 00323nam a22001337a 4500
020 ## - INTERNATIONAL STANDARD BOOK NUMBER
ISBN 81-264-0279-2
082 ## - DEWEY DECIMAL CLASSIFICATION NUMBER
Classification number 894.812
Item number BAL/C
100 ## - MAIN ENTRY--AUTHOR NAME
Personal name CHULLIKKAD, BALACHANDRAN
245 ## - TITLE STATEMENT
Title CHIDAMBARA SMARANA
260 ## - PUBLICATION, DISTRIBUTION, ETC. (IMPRINT)
Place of publication KOTTAYAM
Name of publisher DC BOOKS
Year of publication 2022
300 ## - PHYSICAL DESCRIPTION
Number of Pages 192
650 ## - SUBJECT ADDED ENTRY--TOPICAL TERM
Topical Term MALAYALAM LITERATURE/ MEMOIR
Geographic subdivision KERALA
942 ## - ADDED ENTRY ELEMENTS (KOHA)
Koha item type Books
Holdings
Withdrawn status Lost status Collection code Home library Current library Shelving location Date acquired Source of acquisition Cost, normal purchase price Full call number Accession Number Koha item type
    Fiction Main Library Main Library NEW SHELF WITH NEW ENTRY 11/11/2023 purchase 250.00 894.812 BAL/C 13308 Books